[Event "South Wales New Year op"]
[Site "Bridgend"]
[Date "2015.01.03"]
[Round "2"]
[White "Davis, Ashley J"]
[Black "Lutchman Singh, Karanvir"]
[Result "1-0"]
[WhiteElo "1859"]
[BlackElo "1397"]
[PlyCount "57"]
[EventDate "2015.01.02"]
[EventType "swiss"]
[EventRounds "5"]
[EventCountry "WLS"]
[SourceTitle "EXT 2018"]
[Source "ChessBase"]
[SourceDate "2017.10.13"]
[SourceVersion "1"]
[SourceVersionDate "2017.10.13"]
[SourceQuality "1"]

1. d4 Nf6 2. g3 g6 3. Bg2 Bg7 4. Nf3 0-0 5. 0-0 d5 6. c4 c6 7. cxd5 cxd5 8. Nc3 Nc6 9. Ne5 Ne4 10. Nxc6 Nxc3 11. Nxe7+ Qxe7 12. bxc3 Bg4 13. Bxd5 Bxe2 14. Re1 Rfe8 15. Qb3 Rac8 16. f3 Bc4 17. Rxe7 Bxb3 18. Rxe8+ Rxe8 19. axb3 Re1+ 20. Kg2 Bh6 21. Bb2 Re8 22. Rxa7 Re1 23. Rxb7 Rb1 24. Ba3 Ra1 25. Rb8+ Kg7 26. Bf8+ Kf6 27. Bxh6 Ra6 28. Be3 Rc6 29. Bxc6 1-0

[Event "South Wales New Year op"]
[Site "Bridgend"]
[Date "2015.01.02"]
[Round "1"]
[White "Pleasants, Allan J"]
[Black "Davis, Ashley J"]
[Result "1/2-1/2"]
[WhiteElo "2117"]
[BlackElo "1859"]
[PlyCount "84"]
[EventDate "2015.01.02"]
[EventType "swiss"]
[EventRounds "5"]
[EventCountry "WLS"]
[SourceTitle "EXT 2018"]
[Source "ChessBase"]
[SourceDate "2017.10.13"]
[SourceVersion "1"]
[SourceVersionDate "2017.10.13"]
[SourceQuality "1"]

1. c4 Nf6 2. g3 g6 3. Bg2 Bg7 4. Nc3 0-0 5. Nf3 d5 6. cxd5 Nxd5 7. Qb3 c6 8. d4 Nxc3 9. bxc3 Nd7 10. 0-0 e5 11. Ba3 Re8 12. e3 Qb6 13. Nd2 Qxb3 14. axb3 exd4 15. exd4 Nb6 16. Bc5 Be6 17. Rfe1 Bf8 18. Ne4 Nd7 19. Bxf8 Kxf8 20. Nd6 Reb8 21. c4 a5 22. d5 cxd5 23. cxd5 Bf5 24. Nxf5 gxf5 25. Bh3 Nc5 26. Re3 Rd8 27. Bxf5 Rxd5 28. Bxh7 Ra6 29. h4 Rd2 30. Rc1 Ne6 31. Rc8+ Kg7 32. Bd3 Rd6 33. Bc4 Nd4 34. Rc7 Rf6 35. f4 Nf5 36. Rf3 Nd6 37. Rf2 Nxc4 38. Rxc4 Rd3 39. Ra2 Rxg3+ 40. Kf2 Rxb3 41. Rxa5 b5 42. Re4 Rh3 1/2-1/2

[Event "WLS-chT 1415"]
[Site "Cardiff"]
[Date "2014.12.14"]
[Round "3.11"]
[White "Davis, Ashley J"]
[Black "Evans, Nicholas Thomas"]
[Result "1/2-1/2"]
[WhiteElo "1862"]
[BlackElo "1874"]
[PlyCount "76"]
[EventDate "2014.10.19"]
[EventType "team-swiss"]
[EventRounds "7"]
[EventCountry "WLS"]
[SourceTitle "EXT 2016"]
[Source "ChessBase"]
[SourceDate "2015.10.08"]
[SourceVersion "1"]
[SourceVersionDate "2015.10.08"]
[SourceQuality "1"]

1. d4 d5 2. g3 e6 3. Bg2 Nf6 4. Nf3 c5 5. 0-0 Nc6 6. c4 dxc4 7. Qa4 Bd7 8. Qxc4 cxd4 9. Nxd4 Rc8 10. Nxc6 Bxc6 11. Bxc6+ Rxc6 12. Qa4 a6 13. Rd1 Qc8 14. Bg5 Be7 15. Nc3 0-0 16. e4 h6 17. Be3 Rc4 18. Qb3 Rb4 19. Qa3 Re8 20. Rac1 Rc4 21. Qb3 Ng4 22. Bd4 e5 23. Bb6 Bc5 24. Bxc5 Qxc5 25. Rc2 b5 26. Rd5 Qc7 27. Rdd2 Rc8 28. Rd3 Nf6 29. Re2 Qc5 30. a3 Nh7 31. Red2 Ng5 32. h4 Ne6 33. Rd5 Qc7 34. Rd7 Qc5 35. R2d5 Qc6 36. R5d6 Qc5 37. Rd5 Qc6 38. R5d6 Qc5 1/2-1/2

[Event "WLS-ch"]
[Site "Cardiff"]
[Date "2013.03.30"]
[Round "3"]
[White "Hewitt, William"]
[Black "Davis, Ashley J"]
[Result "1-0"]
[WhiteElo "2074"]
[BlackElo "1886"]
[PlyCount "25"]
[EventDate "2013.03.29"]
[EventType "swiss"]
[EventRounds "7"]
[EventCountry "WLS"]
[SourceTitle "CBM 153 Extra"]
[Source "ChessBase"]
[SourceDate "2013.04.22"]
[SourceVersion "1"]
[SourceVersionDate "2013.04.22"]
[SourceQuality "1"]

1. e4 c5 2. Nf3 Nc6 3. d4 cxd4 4. Nxd4 e6 5. Nc3 Qc7 6. Be3 a6 7. Bd3 Nf6 8. f4 Be7 9. e5 Nd5 10. Nxd5 exd5 11. Nf5 0-0 12. Qh5 Bb4+ 13. c3 1-0

[Event "Wch U20 51st"]
[Site "Athens"]
[Date "2012.08.10"]
[Round "8"]
[White "Davis, Ashley J"]
[Black "Jefic, Srdjan"]
[Result "0-1"]
[WhiteElo "1929"]
[BlackElo "2165"]
[PlyCount "84"]
[EventDate "2012.08.02"]
[EventType "swiss"]
[EventRounds "13"]
[EventCountry "GRE"]
[SourceTitle "CBM 149 Extra"]
[Source "ChessBase"]
[SourceDate "2012.08.24"]
[SourceVersion "1"]
[SourceVersionDate "2012.08.24"]
[SourceQuality "1"]

1. d4 d5 2. g3 c6 3. Bg2 Bf5 4. Nf3 Nf6 5. 0-0 Nbd7 6. b3 e6 7. c4 Bd6 8. Bb2 0-0 9. Nc3 Qe7 10. h3 h6 11. Re1 Ba3 12. Bxa3 Qxa3 13. Qc1 Qb4 14. Nd2 Rad8 15. e4 dxe4 16. Ncxe4 Nxe4 17. Nxe4 Bxe4 18. Bxe4 Nf6 19. Qb2 Rd7 20. Bf3 Rfd8 21. Red1 Qa5 22. Kg2 Qf5 23. b4 Nh7 24. Bg4 Qf6 25. b5 Rxd4 26. bxc6 bxc6 27. Qb7 Ng5 28. Qxc6 Ne4 29. Bf3 Nxf2 30. Rxd4 Qxd4 31. Rf1 Nd3 32. Bh5 Ne5 33. Qb7 Qd7 34. Qe4 Qc7 35. Rf2 g6 36. Bf3 Nxc4 37. h4 Nd2 38. Qe3 Nxf3 39. Qxf3 Qd7 40. Qf6 h5 41. g4 Qd5+ 42. Kh3 hxg4+ 0-1

[Event "Wch U20 51st"]
[Site "Athens"]
[Date "2012.08.08"]
[Round "7"]
[White "Wu, Kevin"]
[Black "Davis, Ashley J"]
[Result "1-0"]
[WhiteElo "1905"]
[BlackElo "1929"]
[PlyCount "105"]
[EventDate "2012.08.02"]
[EventType "swiss"]
[EventRounds "13"]
[EventCountry "GRE"]
[SourceTitle "CBM 149 Extra"]
[Source "ChessBase"]
[SourceDate "2012.08.24"]
[SourceVersion "1"]
[SourceVersionDate "2012.08.24"]
[SourceQuality "1"]

1. e4 c5 2. c3 e6 3. Nf3 Nc6 4. d4 cxd4 5. cxd4 d5 6. exd5 Qxd5 7. Nc3 Bb4 8. Bd2 Qd8 9. a3 Ba5 10. b4 Bb6 11. Be3 Nf6 12. Bc4 0-0 13. 0-0 Qc7 14. Qe2 Rd8 15. Rfd1 a6 16. Rac1 Qe7 17. d5 Bxe3 18. Qxe3 exd5 19. Nxd5 Nxd5 20. Bxd5 Qxe3 21. fxe3 Be6 22. Bxe6 fxe6 23. Ng5 Ne5 24. Nxe6 Rxd1+ 25. Rxd1 Rc8 26. Rd8+ Rxd8 27. Nxd8 b6 28. a4 Kf8 29. a5 bxa5 30. bxa5 Nc4 31. Kf2 Nxa5 32. Ne6+ Ke7 33. Nc7 Kd6 34. Nxa6 Nc6 35. Kf3 Ke5 36. Nc5 h6 37. g4 Ne7 38. h4 h5 39. Nd3+ Kd6 40. gxh5 Nf5 41. Nf4 Ke5 42. Ng6+ Kf6 43. Kf4 Nd6 44. e4 Nc4 45. Nf8 Ne5 46. Nh7+ Ke6 47. Kg5 Kf7 48. Kf5 Nd3 49. e5 Ke7 50. Ng5 Nc5 51. Kg6 Kf8 52. e6 Nd3 53. e7+ 1-0

[Event "John Bishop Minor op"]
[Site "Cardiff"]
[Date "2009.04.13"]
[Round "7"]
[White "Davis, Ashley J"]
[Black "Blackburn, Jon E"]
[Result "1/2-1/2"]
[WhiteElo "1625"]
[BlackElo "1592"]
[PlyCount "57"]
[EventDate "2009.04.10"]
[EventType "swiss"]
[EventRounds "7"]
[EventCountry "WLS"]
[SourceTitle "EXT 2011"]
[Source "ChessBase"]
[SourceDate "2010.11.26"]
[SourceVersion "1"]
[SourceVersionDate "2010.11.26"]
[SourceQuality "1"]

1. d4 Nf6 2. Nf3 d5 3. g3 e6 4. Bg2 Be7 5. 0-0 0-0 6. Nbd2 b6 7. c4 Bb7 8. b3 Nbd7 9. Bb2 c5 10. Qc2 Rc8 11. Ne5 cxd4 12. Bxd4 Nxe5 13. Bxe5 Nd7 14. Bb2 Bf6 15. Rac1 Bxb2 16. Qxb2 Nf6 17. Rfd1 Qe7 18. Qe5 Nd7 19. Qe3 Nf6 20. Nb1 dxc4 21. Bxb7 Qxb7 22. Rxc4 Rxc4 23. bxc4 Qe4 24. Qxe4 Nxe4 25. Rd7 Ra8 26. Na3 Nc5 27. Rc7 a6 28. Rc6 Rb8 29. Nc2 1/2-1/2

[Event "John Bishop Minor op"]
[Site "Cardiff"]
[Date "2009.04.11"]
[Round "2"]
[White "Bullen, Alex"]
[Black "Davis, Ashley J"]
[Result "1-0"]
[WhiteElo "1540"]
[BlackElo "1625"]
[PlyCount "53"]
[EventDate "2009.04.10"]
[EventType "swiss"]
[EventRounds "7"]
[EventCountry "WLS"]
[SourceTitle "EXT 2011"]
[Source "ChessBase"]
[SourceDate "2010.11.26"]
[SourceVersion "1"]
[SourceVersionDate "2010.11.26"]
[SourceQuality "1"]

1. e4 c5 2. Nf3 Nc6 3. d4 cxd4 4. Nxd4 e6 5. a3 a6 6. Nc3 Nf6 7. Be3 Be7 8. Be2 0-0 9. 0-0 d5 10. exd5 exd5 11. Re1 Be6 12. Rb1 Qc7 13. h3 Rad8 14. Na4 b5 15. Nxe6 fxe6 16. Bb6 Qf4 17. Bxd8 Bxd8 18. Nc5 Bb6 19. Nd3 Qg5 20. Bg4 e5 21. Rf1 Ne4 22. Be6+ Kh8 23. Bxd5 Ng3 24. Bxc6 Nxf1 25. Qxf1 Qh4 26. Qe2 Qc4 27. Bf3 1-0

[Event "BCF-chT3 0809 (4NCL)"]
[Site "Hinckley Island"]
[Date "2009.02.08"]
[Round "6.6"]
[White "Botham, Christopher Paul"]
[Black "Davis, Ashley J"]
[Result "1-0"]
[WhiteElo "2042"]
[BlackElo "1740"]
[PlyCount "31"]
[EventDate "2008.10.18"]
[EventType "team-swiss"]
[EventRounds "11"]
[EventCountry "ENG"]
[SourceTitle "EXT 2010"]
[Source "ChessBase"]
[SourceDate "2010.11.25"]
[SourceVersion "1"]
[SourceVersionDate "2010.11.25"]
[SourceQuality "1"]
[WhiteTeam "ICENI"]
[BlackTeam "FPONTY"]
[WhiteTeamCountry "ENG"]
[BlackTeamCountry "ENG"]

1. d4 c5 2. d5 Nf6 3. Nc3 d6 4. e4 g6 5. Nf3 Bg7 6. Be2 0-0 7. 0-0 Nbd7 8. h3 Nb6 9. Bf4 a6 10. a4 Ne8 11. a5 Nd7 12. Re1 e6 13. dxe6 fxe6 14. Bxd6 Nxd6 15. Qxd6 Re8 16. Red1 1-0

[Event "John Bishop Minor op"]
[Site "Wales"]
[Date "2008.03.22"]
[Round "2"]
[White "Davis, Ashley J"]
[Black "Wilkins, William"]
[Result "1/2-1/2"]
[WhiteElo "1224"]
[BlackElo "1434"]
[PlyCount "77"]
[EventDate "2008.03.21"]
[EventType "swiss"]
[EventRounds "7"]
[EventCountry "WLS"]
[SourceTitle "EXT 2010"]
[Source "ChessBase"]
[SourceDate "2010.11.25"]
[SourceVersion "1"]
[SourceVersionDate "2010.11.25"]
[SourceQuality "1"]

1. d4 Nf6 2. Nf3 d6 3. g3 g6 4. Bg2 Bg7 5. 0-0 0-0 6. c4 c6 7. Nc3 Na6 8. Re1 Re8 9. e4 Rb8 10. a4 Bg4 11. h3 Bxf3 12. Bxf3 e5 13. dxe5 dxe5 14. Be3 c5 15. Qxd8 Rexd8 16. Rad1 b6 17. Rxd8+ Rxd8 18. Nb5 Rd7 19. Rd1 Re7 20. Bg5 h6 21. Rd8+ Kh7 22. Be3 Nb4 23. Ra8 a6 24. Nc3 h5 25. Bg5 Re6 26. Bxf6 Bxf6 27. Nd5 Rd6 28. Nxb4 cxb4 29. Rxa6 Be7 30. Ra7 Re6 31. Rd7 Kg7 32. Rd3 Bc5 33. Be2 Rf6 34. Rf3 Rxf3 35. Bxf3 Bd4 36. b3 Kf6 37. h4 Ke6 38. Bg2 Kd6 39. Kf1 1/2-1/2

[Event "John Bishop Minor op"]
[Site "Wales"]
[Date "2008.03.22"]
[Round "3"]
[White "O'Rourke, Kevin1111"]
[Black "Davis, Ashley J"]
[Result "0-1"]
[WhiteElo "1372"]
[BlackElo "1224"]
[PlyCount "116"]
[EventDate "2008.03.21"]
[EventType "swiss"]
[EventRounds "7"]
[EventCountry "WLS"]
[SourceTitle "EXT 2010"]
[Source "ChessBase"]
[SourceDate "2010.11.25"]
[SourceVersion "1"]
[SourceVersionDate "2010.11.25"]
[SourceQuality "1"]

1. e4 c5 2. Nf3 Nc6 3. d4 cxd4 4. Nxd4 e6 5. Nxc6 bxc6 6. Bd3 d5 7. exd5 cxd5 8. Nd2 Nf6 9. Nf3 Bd6 10. Bg5 0-0 11. 0-0 h6 12. Bh4 Bb7 13. Qe2 a6 14. Ne5 Be7 15. Bxf6 Bxf6 16. Ng4 Re8 17. Qf3 e5 18. Qg3 Bh4 19. Qh3 Bc8 20. g3 h5 21. Qxh4 Qxh4 22. gxh4 Bxg4 23. f3 Bh3 24. Rf2 e4 25. Be2 g6 26. fxe4 dxe4 27. Bc4 Be6 28. Bf1 e3 29. Rf4 Bg4 30. Re1 e2 31. Bg2 Rad8 32. h3 Rd1 33. Kf2 Rxe1 34. Kxe1 Bf5 35. c3 Bd3 36. Rd4 Bc2 37. Rd2 Bd1 38. Bf3 Re3 39. Bxe2 Bxe2 40. Rxe2 Rxh3 41. c4 Rxh4 42. c5 Rc4 43. Re8+ Kg7 44. Rc8 Rc2 45. c6 Rxb2 46. c7 Rc2 47. Kd1 Rc6 48. Kd2 Kf6 49. Kd3 Ke7 50. Kd4 Kd7 51. Ra8 Kxc7 52. Ra7+ Kd6 53. Rxf7 Ke6 54. Rf3 g5 55. Ke4 Rc4+ 56. Kd3 Ra4 57. Re3+ Kd5 58. Ke2 Re4 0-1

[Event "BCF-chT4 0607 (4NCL)"]
[Site "Sunningdale"]
[Date "2007.05.28"]
[Round "11.105"]
[White "Davis, Ashley J"]
[Black "Llewellyn, John D"]
[Result "1/2-1/2"]
[WhiteElo "1535"]
[BlackElo "1845"]
[PlyCount "55"]
[EventDate "2006.09.16"]
[EventType "team"]
[EventRounds "11"]
[EventCountry "ENG"]
[SourceTitle "EXT 2008"]
[Source "ChessBase"]
[SourceDate "2007.11.25"]
[SourceVersion "1"]
[SourceVersionDate "2007.11.25"]
[SourceQuality "1"]
[WhiteTeam "Pontypridd"]
[BlackTeam "Halesowen"]
[WhiteTeamCountry "ENG"]
[BlackTeamCountry "ENG"]

1. d4 Nf6 2. Nf3 g6 3. g3 Bg7 4. Bg2 0-0 5. 0-0 d6 6. c4 Re8 7. b3 e5 8. dxe5 Ng4 9. Bb2 Nc6 10. Qd2 Ngxe5 11. Nxe5 Nxe5 12. f4 Nc6 13. Bxg7 Kxg7 14. Nc3 Qe7 15. Nd5 Qd8 16. Rae1 Be6 17. Qc2 f6 18. Qb1 Rb8 19. e4 Bxd5 20. exd5 Ne7 21. Re6 Nf5 22. Rxe8 Qxe8 23. Re1 Qf7 24. Bh3 Re8 25. Rxe8 Qxe8 26. Bxf5 Qe3+ 27. Kg2 Qe2+ 28. Kg1 1/2-1/2

[Event "BCF-chT4 0607 (4NCL)"]
[Site "Sunningdale"]
[Date "2007.05.26"]
[Round "9.156"]
[White "Winchcombe, Neil"]
[Black "Davis, Ashley J"]
[Result "0-1"]
[WhiteElo "1565"]
[BlackElo "1535"]
[PlyCount "70"]
[EventDate "2006.09.16"]
[EventType "team"]
[EventRounds "11"]
[EventCountry "ENG"]
[SourceTitle "EXT 2008"]
[Source "ChessBase"]
[SourceDate "2007.11.25"]
[SourceVersion "1"]
[SourceVersionDate "2007.11.25"]
[SourceQuality "1"]
[WhiteTeam "Conquistadors II"]
[BlackTeam "Pontypridd"]
[WhiteTeamCountry "ENG"]
[BlackTeamCountry "ENG"]

1. e4 c5 2. Bc4 e6 3. Nc3 a6 4. d3 Nc6 5. a3 Nf6 6. Be3 d5 7. exd5 exd5 8. Bb3 d4 9. Bd2 dxc3 10. Bxc3 Be7 11. Ne2 0-0 12. h3 Nd5 13. Bd2 Bg5 14. 0-0 Re8 15. Re1 Nc7 16. Ng3 Rxe1+ 17. Qxe1 Be6 18. Bxe6 Nxe6 19. Ne4 Ncd4 20. Qd1 Bxd2 21. Qxd2 Qh4 22. c3 Nf5 23. b4 cxb4 24. axb4 Rd8 25. Ra5 Ne7 26. Ng5 Nxg5 27. Rxg5 g6 28. Rg4 Qf6 29. Rf4 Qg5 30. d4 Nd5 31. h4 Qxf4 32. Qe2 Nxc3 33. Qe7 Rxd4 34. g3 Rd1+ 35. Kg2 Qe4+ 0-1

[Event "BCF-chT4 0607 (4NCL)"]
[Site "Sunningdale"]
[Date "2007.03.25"]
[Round "8.144"]
[White "Davis, Ashley J"]
[Black "Davda, Rahil P"]
[Result "1/2-1/2"]
[WhiteElo "1535"]
[BlackElo "1855"]
[PlyCount "57"]
[EventDate "2006.09.16"]
[EventType "team"]
[EventRounds "11"]
[EventCountry "ENG"]
[SourceTitle "EXT 2008"]
[Source "ChessBase"]
[SourceDate "2007.11.25"]
[SourceVersion "1"]
[SourceVersionDate "2007.11.25"]
[SourceQuality "1"]
[WhiteTeam "Pontypridd"]
[BlackTeam "Addlestone"]
[WhiteTeamCountry "ENG"]
[BlackTeamCountry "ENG"]

1. d4 f5 2. c4 Nf6 3. Nc3 g6 4. Nf3 Bg7 5. e3 d6 6. Be2 0-0 7. b3 Nc6 8. Bb2 Qe8 9. Nd2 e5 10. d5 Ne7 11. e4 f4 12. h4 h6 13. Bf3 Qf7 14. Qe2 g5 15. hxg5 hxg5 16. Bh5 Nxh5 17. Qxh5 Qxh5 18. Rxh5 g4 19. f3 g3 20. Ba3 a6 21. c5 dxc5 22. Bxc5 Re8 23. d6 b6 24. Ba3 cxd6 25. Bxd6 Nf5 26. exf5 e4 27. Ncxe4 Bxa1 28. Bxf4 Be5 29. Rg5+ 1/2-1/2

[Event "BCF-chT4 0607 (4NCL)"]
[Site "Sunningdale"]
[Date "2007.02.11"]
[Round "6.5"]
[White "Bucher, Grant"]
[Black "Davis, Ashley J"]
[Result "1-0"]
[WhiteElo "1855"]
[BlackElo "1535"]
[PlyCount "47"]
[EventDate "2006.09.16"]
[EventType "team"]
[EventRounds "11"]
[EventCountry "ENG"]
[SourceTitle "EXT 2008"]
[Source "ChessBase"]
[SourceDate "2007.11.25"]
[SourceVersion "1"]
[SourceVersionDate "2007.11.25"]
[SourceQuality "1"]
[WhiteTeam "Warwicks Select II"]
[BlackTeam "Pontypridd"]
[WhiteTeamCountry "ENG"]
[BlackTeamCountry "ENG"]

1. e4 c5 2. Nf3 Nc6 3. d4 cxd4 4. Nxd4 e6 5. Nc3 a6 6. Be3 Nge7 7. Qd2 d6 8. 0-0-0 Bd7 9. f4 Nc8 10. Be2 Be7 11. g4 Nb6 12. f5 e5 13. Nb3 Qc7 14. Bxb6 Qxb6 15. Nd5 Qd8 16. Nxe7 Qxe7 17. Qxd6 Qxd6 18. Rxd6 f6 19. Nc5 0-0-0 20. c3 Rhf8 21. Rhd1 Nb8 22. Bc4 Rfe8 23. Nxd7 Rxd7 24. Be6 1-0

[Event "BCF-chT4 0607 (4NCL)"]
[Site "Sunningdale"]
[Date "2007.02.10"]
[Round "5.6"]
[White "Upham, John E"]
[Black "Davis, Ashley J"]
[Result "1/2-1/2"]
[WhiteElo "1780"]
[BlackElo "1535"]
[PlyCount "41"]
[EventDate "2006.09.16"]
[EventType "team"]
[EventRounds "11"]
[EventCountry "ENG"]
[SourceTitle "EXT 2008"]
[Source "ChessBase"]
[SourceDate "2007.11.25"]
[SourceVersion "1"]
[SourceVersionDate "2007.11.25"]
[SourceQuality "1"]
[WhiteTeam "AMCA Hippos"]
[BlackTeam "Pontypridd"]
[WhiteTeamCountry "ENG"]
[BlackTeamCountry "ENG"]

1. d4 d5 2. Nf3 Nf6 3. e3 e6 4. Bd3 c5 5. b3 a6 6. Nbd2 Nc6 7. 0-0 Qb6 8. Bb2 Bd6 9. a3 Qc7 10. Rc1 h6 11. dxc5 Bxc5 12. c4 Qe7 13. h4 Bd6 14. cxd5 exd5 15. e4 dxe4 16. Bxe4 0-0 17. Bxc6 bxc6 18. Rxc6 Bb7 19. Re1 Qd7 20. Rc2 Rfd8 21. Qa1 1/2-1/2